[Event "World Chess Olympiad 2018"]
[Site "Batumi"]
[Date "2018.09.26"]
[Round "3"]
[Board "2"]
[WhiteFideId "1700812"]
[White "Hillarp Persson Tiger"]
[BlackFideId "10601619"]
[Black "Adly Ahmed"]
[Result "1/2-1/2"]
[LiveChessVersion "1.4.8"]
[BlackElo "2620"]
[WhiteElo "2544"]

1. Nf3 {[%clk 1:30:55]} d5 {[%clk 1:30:53]} 2. g3 {[%clk 1:30:53]} Nf6
{[%clk 1:31:05]} 3. Bg2 {[%clk 1:31:04]} b5 {[%clk 1:31:24]} 4. O-O
{[%clk 1:31:08]} Bb7 {[%clk 1:31:47]} 5. d3 {[%clk 1:30:35]} Nbd7
{[%clk 1:32:12]} 6. c4 {[%clk 1:15:38]} dxc4 {[%clk 1:26:37]} 7. dxc4
{[%clk 1:15:57]} bxc4 {[%clk 1:27:01]} 8. Qa4 {[%clk 1:13:14]} e6
{[%clk 1:27:27]} 9. Qxc4 {[%clk 1:12:45]} Be7 {[%clk 1:20:51]} 10. Nc3
{[%clk 1:01:13]} O-O {[%clk 1:20:34]} 11. Rd1 {[%clk 0:52:42]} c5
{[%clk 1:10:48]} 12. Bf4 {[%clk 0:37:00]} Nb6 {[%clk 0:55:33]} 13. Rxd8
{[%clk 0:34:25]} Nxc4 {[%clk 0:56:00]} 14. Rxa8 {[%clk 0:30:34]} Bxa8
{[%clk 0:53:41]} 15. Ne5 {[%clk 0:29:14]} Nxe5 {[%clk 0:53:26]} 16. Bxe5
{[%clk 0:28:34]} Nd5 {[%clk 0:53:39]} 17. Rd1 {[%clk 0:20:41]} f6
{[%clk 0:48:45]} 18. Nxd5 {[%clk 0:19:21]} Bxd5 {[%clk 0:46:06]} 19. Bc3
{[%clk 0:14:18]} Rd8 {[%clk 0:41:19]} 20. b3 {[%clk 0:07:12]} Kf7
{[%clk 0:39:40]} 21. Ba5 {[%clk 0:06:25]} Rd6 {[%clk 0:38:18]} 22. e4
{[%clk 0:05:43]} Bb7 {[%clk 0:38:25]} 23. Rxd6 {[%clk 0:05:41]} Bxd6
{[%clk 0:38:53]} 24. e5 {[%clk 0:05:31]} Bxg2 {[%clk 0:39:20]} 25. exd6
{[%clk 0:05:53]} Bc6 {[%clk 0:39:45]} 26. Bd2 {[%clk 0:05:40]} Bd5
{[%clk 0:38:18]} 27. Be3 {[%clk 0:05:13]} c4 {[%clk 0:38:40]} 28. bxc4
{[%clk 0:05:07]} Bxc4 {[%clk 0:39:05]} 29. Bxa7 {[%clk 0:05:26]} Bxa2
{[%clk 0:39:29]} 30. f4 {[%clk 0:05:46]} Ke8 {[%clk 0:37:14]} 31. Kf2
{[%clk 0:05:35]} 1/2-1/2

[Event "World Chess Olympiad 2018"]
[Site "Batumi"]
[Date "2018.09.26"]
[Round "3"]
[Board "3"]
[WhiteFideId "10613129"]
[White "Fawzy Adham"]
[BlackFideId "1706446"]
[Black "Tikkanen Hans"]
[Result "0-1"]
[LiveChessVersion "1.4.8"]
[BlackElo "2520"]
[WhiteElo "2431"]

1. e4 {[%clk 1:30:54]} c6 {[%clk 1:30:57]} 2. d4 {[%clk 1:31:13]} d5
{[%clk 1:31:22]} 3. exd5 {[%clk 1:31:22]} cxd5 {[%clk 1:31:37]} 4. c4
{[%clk 1:31:49]} Nf6 {[%clk 1:29:32]} 5. Nc3 {[%clk 1:32:15]} Nc6
{[%clk 1:26:48]} 6. Bg5 {[%clk 1:32:23]} e6 {[%clk 1:24:02]} 7. c5
{[%clk 1:32:05]} Be7 {[%clk 1:23:07]} 8. Bb5 {[%clk 1:32:19]} O-O
{[%clk 1:19:15]} 9. Nf3 {[%clk 1:31:46]} h6 {[%clk 1:00:32]} 10. Bh4
{[%clk 1:09:35]} Ne4 {[%clk 1:00:01]} 11. Bxe7 {[%clk 1:09:52]} Nxe7
{[%clk 0:58:41]} 12. Qc2 {[%clk 1:00:33]} Qa5 {[%clk 0:32:42]} 13. Qa4
{[%clk 0:57:13]} Qxa4 {[%clk 0:32:16]} 14. Nxa4 {[%clk 0:57:06]} b6
{[%clk 0:32:11]} 15. cxb6 {[%clk 0:34:59]} axb6 {[%clk 0:31:51]} 16. b3
{[%clk 0:35:09]} Ba6 {[%clk 0:28:58]} 17. Bxa6 {[%clk 0:29:47]} Rxa6
{[%clk 0:29:26]} 18. Nd2 {[%clk 0:28:55]} Nd6 {[%clk 0:15:04]} 19. Ke2
{[%clk 0:25:09]} Nc6 {[%clk 0:13:34]} 20. Nf3 {[%clk 0:23:32]} Rfa8
{[%clk 0:05:46]} 21. Rhc1 {[%clk 0:17:22]} b5 {[%clk 0:06:07]} 22. Nc3
{[%clk 0:17:33]} Ra3 {[%clk 0:03:55]} 23. Nxb5 {[%clk 0:14:51]} Rxa2+
{[%clk 0:04:16]} 24. Rxa2 {[%clk 0:15:15]} Rxa2+ {[%clk 0:04:43]} 25. Ke3
{[%clk 0:07:56]} Nxb5 {[%clk 0:04:01]} 26. Rxc6 {[%clk 0:08:25]} Rb2
{[%clk 0:04:02]} 27. Nd2 {[%clk 0:07:40]} Kf8 {[%clk 0:02:32]} 28. Rc5
{[%clk 0:03:04]} Nxd4 {[%clk 0:02:43]} 29. Kxd4 {[%clk 0:03:32]} Rxd2+
{[%clk 0:03:07]} 30. Kc3 {[%clk 0:04:01]} Rxf2 {[%clk 0:03:22]} 31. b4
{[%clk 0:04:30]} Ke7 {[%clk 0:02:31]} 32. b5 {[%clk 0:04:59]} Rf1
{[%clk 0:01:56]} 33. Kc2 {[%clk 0:02:09]} Rf4 {[%clk 0:01:30]} 34. Kb3
{[%clk 0:01:25]} Rc4 {[%clk 0:00:56]} 35. Rxc4 {[%clk 0:01:51]} dxc4+
{[%clk 0:01:23]} 36. Kxc4 {[%clk 0:02:20]} Kd6 {[%clk 0:01:44]} 37. g4
{[%clk 0:01:36]} f5 {[%clk 0:01:07]} 38. gxf5 {[%clk 0:00:49]} exf5
{[%clk 0:01:35]} 39. h4 {[%clk 0:01:18]} g5 {[%clk 0:01:49]} 0-1

[Event "World Chess Olympiad 2018"]
[Site "Batumi"]
[Date "2018.09.26"]
[Round "3"]
[Board "4"]
[WhiteFideId "1709437"]
[White "Blomqvist Erik"]
[BlackFideId "10600183"]
[Black "Hesham Abdelrahman"]
[Result "1/2-1/2"]
[LiveChessVersion "1.4.8"]
[BlackElo "2408"]
[WhiteElo "2499"]

1. e4 {[%clk 1:30:56]} e5 {[%clk 1:30:56]} 2. Nf3 {[%clk 1:31:15]} Nc6
{[%clk 1:31:21]} 3. Bb5 {[%clk 1:31:38]} a6 {[%clk 1:31:12]} 4. Ba4
{[%clk 1:31:59]} Nf6 {[%clk 1:31:19]} 5. O-O {[%clk 1:32:02]} b5 {[%clk 1:28:44]}
6. Bb3 {[%clk 1:32:21]} Be7 {[%clk 1:29:06]} 7. d3 {[%clk 1:30:19]} O-O
{[%clk 1:27:00]} 8. Nc3 {[%clk 1:30:14]} d6 {[%clk 1:27:19]} 9. a3
{[%clk 1:30:24]} Na5 {[%clk 1:26:53]} 10. Ba2 {[%clk 1:30:44]} Be6
{[%clk 1:27:18]} 11. b4 {[%clk 1:28:56]} Bxa2 {[%clk 1:27:38]} 12. Rxa2
{[%clk 1:28:53]} Nc6 {[%clk 1:27:23]} 13. Bg5 {[%clk 1:29:03]} Ng4
{[%clk 1:27:17]} 14. Bd2 {[%clk 1:27:34]} Nf6 {[%clk 1:27:37]} 15. Re1
{[%clk 1:24:59]} Qd7 {[%clk 1:27:58]} 16. h3 {[%clk 1:01:50]} h6 {[%clk 1:24:09]}
17. Nd5 {[%clk 0:56:36]} Nxd5 {[%clk 1:12:38]} 18. exd5 {[%clk 0:56:58]} Nd8
{[%clk 1:12:14]} 19. a4 {[%clk 0:47:44]} Rb8 {[%clk 0:46:41]} 20. axb5
{[%clk 0:47:30]} axb5 {[%clk 0:47:06]} 21. d4 {[%clk 0:40:37]} Bf6
{[%clk 0:42:36]} 22. dxe5 {[%clk 0:17:25]} dxe5 {[%clk 0:40:31]} 23. Bc3
{[%clk 0:17:15]} e4 {[%clk 0:37:10]} 24. Bxf6 {[%clk 0:14:40]} exf3
{[%clk 0:37:29]} 25. Bxd8 {[%clk 0:08:25]} Rbxd8 {[%clk 0:37:43]} 26. Qxf3
{[%clk 0:08:46]} Qxd5 {[%clk 0:38:06]} 27. Qxd5 {[%clk 0:08:49]} Rxd5
{[%clk 0:38:27]} 28. Ra3 {[%clk 0:08:46]} c5 {[%clk 0:38:27]} 29. bxc5
{[%clk 0:08:56]} Rxc5 {[%clk 0:38:52]} 30. Rb3 {[%clk 0:09:20]} Rxc2
{[%clk 0:39:06]} 1/2-1/2

[Event "World Chess Olympiad 2018"]
[Site "Batumi"]
[Date "2018.09.26"]
[Round "3"]
[Board "1"]
[WhiteFideId "13602934"]
[White "Paichadze Luka"]
[BlackFideId "14109603"]
[Black "Karjakin Sergey"]
[Result "1/2-1/2"]
[LiveChessVersion "1.4.8"]
[BlackElo "2760"]
[WhiteElo "2564"]

1. e4 {[%clk 1:30:57]} e5 {[%clk 1:30:53]} 2. Nf3 {[%clk 1:30:49]} Nc6
{[%clk 1:31:15]} 3. Nc3 {[%clk 1:30:27]} Nf6 {[%clk 1:31:28]} 4. d4
{[%clk 1:30:00]} exd4 {[%clk 1:31:51]} 5. Nxd4 {[%clk 1:30:26]} Bb4
{[%clk 1:32:15]} 6. Nxc6 {[%clk 1:30:22]} bxc6 {[%clk 1:32:38]} 7. Bd3
{[%clk 1:30:43]} O-O {[%clk 1:32:53]} 8. O-O {[%clk 1:31:02]} d5 {[%clk 1:33:17]}
9. exd5 {[%clk 1:30:41]} cxd5 {[%clk 1:33:41]} 10. h3 {[%clk 1:30:53]} c6
{[%clk 1:33:13]} 11. Qf3 {[%clk 1:30:32]} Re8 {[%clk 1:32:07]} 12. Bf4
{[%clk 1:28:36]} Bd6 {[%clk 1:31:22]} 13. Rfe1 {[%clk 1:27:43]} Be6
{[%clk 1:31:27]} 14. Rad1 {[%clk 1:23:11]} Qb8 {[%clk 1:26:52]} 15. Bxd6
{[%clk 1:21:08]} Qxd6 {[%clk 1:27:19]} 16. Ne2 {[%clk 1:15:16]} Bd7
{[%clk 1:19:15]} 17. c3 {[%clk 1:09:33]} c5 {[%clk 1:09:20]} 18. Nf4
{[%clk 0:57:02]} Bc6 {[%clk 1:03:00]} 19. Nh5 {[%clk 0:50:43]} Nxh5
{[%clk 0:55:49]} 20. Qxh5 {[%clk 0:51:05]} g6 {[%clk 0:56:13]} 21. Qg5
{[%clk 0:45:48]} Kg7 {[%clk 0:51:50]} 22. Qd2 {[%clk 0:37:00]} a5
{[%clk 0:44:32]} 23. Be4 {[%clk 0:33:27]} Rad8 {[%clk 0:37:36]} 24. Bf3
{[%clk 0:31:29]} Rxe1+ {[%clk 0:37:38]} 25. Qxe1 {[%clk 0:31:49]} a4
{[%clk 0:29:47]} 26. Bxd5 {[%clk 0:13:02]} Re8 {[%clk 0:29:46]} 27. Qd2
{[%clk 0:12:38]} Qxd5 {[%clk 0:30:08]} 28. Qxd5 {[%clk 0:13:03]} Bxd5
{[%clk 0:30:34]} 29. Rxd5 {[%clk 0:13:28]} Re1+ {[%clk 0:31:01]} 30. Kh2
{[%clk 0:13:55]} Re2 {[%clk 0:31:27]} 31. b3 {[%clk 0:12:20]} Rxf2
{[%clk 0:31:33]} 32. bxa4 {[%clk 0:11:09]} Rxa2 {[%clk 0:31:57]} 33. Rxc5
{[%clk 0:11:36]} Rxa4 {[%clk 0:32:22]} 34. Rc7 {[%clk 0:12:04]} 1/2-1/2

[Event "World Chess Olympiad 2018"]
[Site "Batumi"]
[Date "2018.09.26"]
[Round "3"]
[Board "2"]
[WhiteFideId "4168119"]
[White "Nepomniachtchi Ian"]
[BlackFideId "13602608"]
[Black "Sanikidze Tornike"]
[Result "1/2-1/2"]
[LiveChessVersion "1.4.8"]
[BlackElo "2497"]
[WhiteElo "2768"]

1. e4 {[%clk 1:30:49]} e6 {[%clk 1:30:42]} 2. d4 {[%clk 1:31:07]} d5
{[%clk 1:31:04]} 3. Nc3 {[%clk 1:31:29]} Bb4 {[%clk 1:30:41]} 4. e5
{[%clk 1:31:45]} c5 {[%clk 1:30:37]} 5. a3 {[%clk 1:32:09]} Bxc3+
{[%clk 1:30:52]} 6. bxc3 {[%clk 1:32:33]} Ne7 {[%clk 1:31:05]} 7. h4
{[%clk 1:32:58]} Qc7 {[%clk 1:30:31]} 8. h5 {[%clk 1:33:15]} h6 {[%clk 1:29:11]}
9. Nf3 {[%clk 1:31:16]} Nbc6 {[%clk 1:29:05]} 10. a4 {[%clk 1:30:41]} cxd4
{[%clk 1:16:08]} 11. cxd4 {[%clk 1:29:02]} Nb4 {[%clk 1:16:12]} 12. Kd2
{[%clk 1:28:04]} O-O {[%clk 1:15:58]} 13. Ba3 {[%clk 1:24:52]} Nbc6
{[%clk 1:15:22]} 14. Bd6 {[%clk 1:21:39]} Qd8 {[%clk 1:15:12]} 15. Bd3
{[%clk 1:16:33]} f5 {[%clk 1:09:04]} 16. c3 {[%clk 1:08:12]} Na5 {[%clk 1:03:46]}
17. Nh4 {[%clk 1:07:03]} Bd7 {[%clk 1:02:26]} 18. f4 {[%clk 1:05:38]} Rf7
{[%clk 0:52:21]} 19. g4 {[%clk 1:04:37]} fxg4 {[%clk 0:50:33]} 20. Bxe7
{[%clk 0:57:25]} Qxe7 {[%clk 0:44:14]} 21. Qc2 {[%clk 0:54:23]} g5
{[%clk 0:43:41]} 22. Ng6 {[%clk 0:54:46]} Qd8 {[%clk 0:37:15]} 23. Rhg1
{[%clk 0:55:03]} Rb8 {[%clk 0:22:42]} 24. Rxg4 {[%clk 0:51:17]} b5
{[%clk 0:22:16]} 25. Ke3 {[%clk 0:51:38]} bxa4 {[%clk 0:17:11]} 26. fxg5
{[%clk 0:47:55]} Bb5 {[%clk 0:17:19]} 27. Bxb5 {[%clk 0:42:02]} Rxb5
{[%clk 0:17:34]} 28. Rxa4 {[%clk 0:42:27]} hxg5 {[%clk 0:06:45]} 29. Nh4
{[%clk 0:26:14]} Kf8 {[%clk 0:01:28]} 30. h6 {[%clk 0:25:43]} Qc7
{[%clk 0:00:54]} 31. Rxa5 {[%clk 0:14:37]} Rxa5 {[%clk 0:00:53]} 32. Qb3
{[%clk 0:13:28]} Rb5 {[%clk 0:00:35]} 33. Qxb5 {[%clk 0:08:28]} Qxc3+
{[%clk 0:00:59]} 34. Qd3 {[%clk 0:08:55]} Qe1+ {[%clk 0:01:26]} 35. Qe2
{[%clk 0:09:19]} Qc3+ {[%clk 0:01:54]} 36. Qd3 {[%clk 0:09:44]} Qc1+
{[%clk 0:00:41]} 37. Qd2 {[%clk 0:09:58]} Qa3+ {[%clk 0:01:05]} 38. Qd3
{[%clk 0:10:11]} Qc1+ {[%clk 0:00:42]} 39. Qd2 {[%clk 0:10:36]} Qxd2+
{[%clk 0:00:39]} 40. Kxd2 {[%clk 0:41:00]} gxh4 {[%clk 0:31:06]} 41. Rxh4
{[%clk 0:41:24]} Kg8 {[%clk 0:28:27]} 42. Kc3 {[%clk 0:38:04]} Rb7
{[%clk 0:24:39]} 43. Rf4 {[%clk 0:37:53]} a5 {[%clk 0:20:59]} 44. Rf6
{[%clk 0:37:21]} Rb6 {[%clk 0:21:25]} 45. Rg6+ {[%clk 0:37:46]} Kh7
{[%clk 0:19:24]} 46. Rg7+ {[%clk 0:38:11]} Kxh6 {[%clk 0:19:50]} 47. Ra7
{[%clk 0:38:36]} Kg5 {[%clk 0:19:43]} 48. Rxa5 {[%clk 0:39:01]} Kf4
{[%clk 0:20:05]} 49. Ra1 {[%clk 0:39:27]} Ke3 {[%clk 0:20:25]} 50. Re1+
{[%clk 0:39:53]} Kf2 {[%clk 0:20:51]} 51. Rh1 {[%clk 0:40:20]} 1/2-1/2

[Event "World Chess Olympiad 2018"]
[Site "Batumi"]
[Date "2018.09.26"]
[Round "3"]
[Board "4"]
[WhiteFideId "4152956"]
[White "Vitiugov Nikita"]
[BlackFideId "13602250"]
[Black "Quparadze Giga"]
[Result "1/2-1/2"]
[LiveChessVersion "1.4.8"]
[BlackElo "2495"]
[WhiteElo "2726"]

1. d4 {[%clk 1:30:54]} Nf6 {[%clk 1:30:53]} 2. c4 {[%clk 1:31:17]} e6
{[%clk 1:31:20]} 3. Nf3 {[%clk 1:31:21]} Bb4+ {[%clk 1:31:43]} 4. Bd2
{[%clk 1:31:25]} a5 {[%clk 1:31:58]} 5. a3 {[%clk 1:31:35]} Bxd2+
{[%clk 1:32:20]} 6. Qxd2 {[%clk 1:31:59]} b6 {[%clk 1:32:33]} 7. Nc3
{[%clk 1:31:54]} Bb7 {[%clk 1:32:55]} 8. Qf4 {[%clk 1:31:53]} d5 {[%clk 1:32:33]}
9. e3 {[%clk 1:29:33]} O-O {[%clk 1:32:17]} 10. Rc1 {[%clk 1:27:20]} c5
{[%clk 1:31:21]} 11. cxd5 {[%clk 1:24:22]} cxd4 {[%clk 1:30:32]} 12. Qxd4
{[%clk 1:13:20]} Nxd5 {[%clk 1:27:59]} 13. Bc4 {[%clk 1:03:45]} Nc6
{[%clk 1:26:54]} 14. Qd2 {[%clk 1:04:04]} Nxc3 {[%clk 1:26:20]} 15. Qxd8
{[%clk 0:56:12]} Rfxd8 {[%clk 1:26:37]} 16. Rxc3 {[%clk 0:56:39]} Ne7
{[%clk 1:26:18]} 17. Ke2 {[%clk 0:55:44]} Nd5 {[%clk 1:24:37]} 18. Rc2
{[%clk 0:51:54]} Rac8 {[%clk 1:24:05]} 19. Rhc1 {[%clk 0:51:34]} Kf8
{[%clk 1:24:11]} 20. Nd2 {[%clk 0:46:01]} Nf6 {[%clk 1:18:08]} 21. f3
{[%clk 0:44:17]} Rc5 {[%clk 1:17:49]} 22. e4 {[%clk 0:42:25]} Rdc8
{[%clk 1:17:44]} 23. Ke3 {[%clk 0:40:57]} Nd7 {[%clk 1:17:17]} 24. Nb3
{[%clk 0:34:19]} R5c7 {[%clk 1:17:11]} 25. Nd4 {[%clk 0:32:01]} Ne5
{[%clk 1:17:15]} 26. Bb5 {[%clk 0:30:53]} Rxc2 {[%clk 1:17:38]} 27. Rxc2
{[%clk 0:31:20]} Rxc2 {[%clk 1:18:01]} 28. Nxc2 {[%clk 0:31:47]} Ke7 29. Kd4
{[%clk 0:30:43]} f6 {[%clk 1:18:02]} 30. Ne3 {[%clk 0:24:24]} g5 {[%clk 1:18:20]}
31. Be2 {[%clk 0:24:00]} Nc6+ {[%clk 1:15:15]} 32. Kc3 {[%clk 0:24:24]} Ne5
{[%clk 1:15:41]} 33. Kd4 {[%clk 0:21:28]} Nc6+ {[%clk 1:16:05]} 34. Kc3
{[%clk 0:21:54]} Ne5 {[%clk 1:16:32]} 35. g3 {[%clk 0:19:40]} Kd6
{[%clk 1:16:49]} 36. b4 {[%clk 0:17:12]} axb4+ {[%clk 1:13:51]} 37. axb4
{[%clk 0:11:16]} Ke7 {[%clk 1:14:10]} 38. Bd1 {[%clk 0:33:29]} Kd6
{[%clk 1:44:35]} 39. Be2 {[%clk 0:33:29]} Ke7 {[%clk 1:44:35]} 40. Bd1
{[%clk 0:33:29]} Kd6 {[%clk 1:44:35]} 41. Kd4 {[%clk 0:29:35]} Nc6+
{[%clk 1:44:44]} 42. Kc4 {[%clk 0:29:03]} Ne5+ {[%clk 1:45:08]} 43. Kc3
{[%clk 0:28:39]} Kd7 {[%clk 1:44:12]} 44. b5 {[%clk 0:19:10]} Kd6
{[%clk 1:44:18]} 45. Kd4 {[%clk 0:19:02]} Ke7 {[%clk 1:44:11]} 46. f4
{[%clk 0:14:04]} gxf4 {[%clk 1:44:36]} 47. gxf4 {[%clk 0:14:32]} Ng6
{[%clk 1:45:01]} 48. Nc4 {[%clk 0:12:33]} Nxf4 {[%clk 1:45:26]} 49. Nxb6
{[%clk 0:12:54]} e5+ {[%clk 1:45:53]} 50. Ke3 {[%clk 0:13:00]} Ng2+
{[%clk 1:45:07]} 51. Kf3 {[%clk 0:12:59]} Nf4 {[%clk 1:45:25]} 52. Ke3
{[%clk 0:11:15]} Ng2+ {[%clk 1:45:50]} 53. Kf3 {[%clk 0:11:42]} Nf4
{[%clk 1:46:16]} 1/2-1/2

[Event "World Chess Olympiad 2018"]
[Site "Batumi"]
[Date "2018.09.26"]
[Round "3"]
[Board "1"]
[WhiteFideId "309095"]
[White "Navara David"]
[BlackFideId "3405400"]
[Black "Morovic Fernandez Ivan"]
[Result "1-0"]
[LiveChessVersion "1.4.8"]
[BlackElo "2501"]
[WhiteElo "2740"]

1. e4 {[%clk 1:30:58]} e5 {[%clk 1:30:44]} 2. Nf3 {[%clk 1:31:23]} Nc6
{[%clk 1:31:10]} 3. Bb5 {[%clk 1:31:47]} a6 {[%clk 1:31:33]} 4. Ba4
{[%clk 1:32:13]} Nf6 {[%clk 1:31:53]} 5. O-O {[%clk 1:32:37]} Bc5
{[%clk 1:31:10]} 6. c3 {[%clk 1:32:05]} b5 {[%clk 1:31:18]} 7. Bb3
{[%clk 1:31:50]} d6 {[%clk 1:31:34]} 8. d4 {[%clk 1:30:19]} Bb6 {[%clk 1:31:51]}
9. a4 {[%clk 1:30:10]} Bg4 {[%clk 1:24:52]} 10. h3 {[%clk 1:25:23]} Bh5
{[%clk 1:18:28]} 11. g4 {[%clk 1:02:27]} Bg6 {[%clk 1:14:49]} 12. g5
{[%clk 1:02:46]} Nxe4 {[%clk 0:42:29]} 13. Bd5 {[%clk 1:02:57]} Ne7
{[%clk 0:41:24]} 14. Bxa8 {[%clk 1:03:15]} Qxa8 {[%clk 0:41:51]} 15. axb5
{[%clk 1:03:24]} Bh5 {[%clk 0:36:51]} 16. Rxa6 {[%clk 1:00:33]} Qc8
{[%clk 0:33:37]} 17. Kh2 {[%clk 0:56:01]} O-O {[%clk 0:26:14]} 18. Qd3
{[%clk 0:56:19]} Bg6 {[%clk 0:20:58]} 19. Qc4 {[%clk 0:49:47]} d5
{[%clk 0:15:21]} 20. Qb4 {[%clk 0:49:58]} c5 {[%clk 0:14:20]} 21. Qa4
{[%clk 0:42:13]} exd4 {[%clk 0:13:19]} 22. Rxb6 {[%clk 0:31:03]} Qc7+
{[%clk 0:13:36]} 23. Ne5 {[%clk 0:31:28]} Qxb6 {[%clk 0:11:46]} 24. f3
{[%clk 0:30:31]} Qe6 {[%clk 0:09:47]} 25. cxd4 {[%clk 0:29:18]} cxd4
{[%clk 0:08:53]} 26. Bf4 {[%clk 0:29:42]} Nxg5 {[%clk 0:07:54]} 27. Nd2
{[%clk 0:25:57]} Qf5 {[%clk 0:05:18]} 28. Nxg6 {[%clk 0:25:25]} Qxh3+
{[%clk 0:04:31]} 29. Kg1 {[%clk 0:25:49]} Nxg6 {[%clk 0:04:34]} 30. Bxg5
{[%clk 0:25:33]} Qg3+ {[%clk 0:04:57]} 31. Kh1 {[%clk 0:25:58]} Qh3+
{[%clk 0:05:12]} 32. Kg1 {[%clk 0:26:23]} Qg3+ {[%clk 0:05:40]} 33. Kh1
{[%clk 0:26:47]} Qxg5 {[%clk 0:05:24]} 34. Qxd4 {[%clk 0:27:10]} Re8
{[%clk 0:04:08]} 35. b6 {[%clk 0:26:53]} Nf4 {[%clk 0:03:13]} 36. Qg1
{[%clk 0:27:14]} Qh4+ {[%clk 0:01:15]} 37. Qh2 {[%clk 0:27:39]} Qxh2+
{[%clk 0:00:48]} 38. Kxh2 {[%clk 0:28:04]} Re2+ {[%clk 0:00:36]} 39. Kh1
{[%clk 0:27:54]} 1-0

[Event "World Chess Olympiad 2018"]
[Site "Batumi"]
[Date "2018.09.26"]
[Round "3"]
[Board "2"]
[WhiteFideId "3409350"]
[White "Henriquez Villagra Cristobal"]
[BlackFideId "316385"]
[Black "Laznicka Viktor"]
[Result "1-0"]
[LiveChessVersion "1.4.8"]
[BlackElo "2662"]
[WhiteElo "2519"]

1. e4 {[%clk 1:30:57]} d5 {[%clk 1:30:54]} 2. exd5 {[%clk 1:31:15]} Qxd5
{[%clk 1:31:19]} 3. Nc3 {[%clk 1:29:49]} Qa5 {[%clk 1:31:00]} 4. Bc4
{[%clk 1:22:42]} Nf6 {[%clk 1:31:15]} 5. Nf3 {[%clk 1:22:32]} Bf5
{[%clk 1:29:45]} 6. d3 {[%clk 1:22:01]} c6 {[%clk 1:27:45]} 7. Bd2
{[%clk 1:18:21]} Qc7 {[%clk 1:24:32]} 8. Qe2 {[%clk 1:17:24]} Nbd7
{[%clk 1:16:02]} 9. Nh4 {[%clk 1:05:42]} Bg6 {[%clk 1:14:58]} 10. Nxg6
{[%clk 1:00:34]} hxg6 {[%clk 1:15:10]} 11. g3 {[%clk 0:58:29]} e6
{[%clk 1:15:04]} 12. a3 {[%clk 0:57:23]} Be7 {[%clk 1:10:57]} 13. Ne4
{[%clk 0:47:38]} Qe5 {[%clk 0:44:07]} 14. Bc3 {[%clk 0:40:15]} Qh5
{[%clk 0:43:23]} 15. f4 {[%clk 0:39:40]} Kf8 {[%clk 0:39:52]} 16. Bd2
{[%clk 0:34:10]} Rd8 {[%clk 0:34:33]} 17. Qxh5 {[%clk 0:33:09]} Rxh5
{[%clk 0:33:56]} 18. Ng5 {[%clk 0:30:22]} Nd5 {[%clk 0:22:32]} 19. O-O
{[%clk 0:29:55]} Bc5+ {[%clk 0:18:05]} 20. Kh1 {[%clk 0:29:04]} N7f6
{[%clk 0:17:39]} 21. Rf3 {[%clk 0:23:37]} Ng4 {[%clk 0:11:22]} 22. h3
{[%clk 0:22:25]} Ke7 {[%clk 0:10:29]} 23. Re1 {[%clk 0:19:54]} Ngf6
{[%clk 0:10:31]} 24. Kg2 {[%clk 0:19:51]} Rhh8 {[%clk 0:05:56]} 25. g4
{[%clk 0:18:10]} Nd7 {[%clk 0:02:21]} 26. c3 {[%clk 0:13:14]} Bd6
{[%clk 0:01:19]} 27. d4 {[%clk 0:13:39]} Bb8 {[%clk 0:00:56]} 28. Bd3
{[%clk 0:10:13]} Rhe8 {[%clk 0:01:04]} 29. c4 {[%clk 0:10:14]} Nc7
{[%clk 0:00:45]} 30. f5 {[%clk 0:08:14]} gxf5 {[%clk 0:01:01]} 31. gxf5
{[%clk 0:08:43]} e5 {[%clk 0:00:33]} 32. dxe5 {[%clk 0:02:03]} Nc5
{[%clk 0:00:50]} 33. f6+ {[%clk 0:02:18]} Kf8 {[%clk 0:00:53]} 34. Bb4
{[%clk 0:00:59]} N7a6 {[%clk 0:01:21]} 35. e6 {[%clk 0:01:15]} gxf6
{[%clk 0:00:36]} 36. Rxf6 {[%clk 0:00:52]} Rxd3 {[%clk 0:00:40]} 37. exf7
{[%clk 0:01:20]} Rc8 {[%clk 0:00:34]} 38. Ne6+ {[%clk 0:01:13]} Ke7
{[%clk 0:00:54]} 39. Nd8+ {[%clk 0:01:35]} Kd7 {[%clk 0:00:39]} 40. Re7+
{[%clk 0:31:40]} 1-0

[Event "World Chess Olympiad 2018"]
[Site "Batumi"]
[Date "2018.09.26"]
[Round "3"]
[Board "3"]
[WhiteFideId "300071"]
[White "Hracek Zbynek"]
[BlackFideId "3407128"]
[Black "Salinas Herrera Pablo"]
[Result "1/2-1/2"]
[LiveChessVersion "1.4.8"]
[BlackElo "2486"]
[WhiteElo "2557"]

1. e4 {[%clk 1:30:57]} c5 {[%clk 1:30:56]} 2. Nf3 {[%clk 1:31:21]} d6
{[%clk 1:31:23]} 3. d4 {[%clk 1:30:38]} cxd4 {[%clk 1:31:49]} 4. Qxd4
{[%clk 1:28:27]} a6 {[%clk 1:31:41]} 5. h3 {[%clk 1:28:25]} Nc6 {[%clk 1:32:06]}
6. Qe3 {[%clk 1:28:51]} g6 {[%clk 1:31:06]} 7. Be2 {[%clk 1:29:06]} Nf6
{[%clk 1:30:44]} 8. c4 {[%clk 1:28:00]} Bg7 {[%clk 1:31:09]} 9. Nc3
{[%clk 1:28:15]} O-O {[%clk 1:31:34]} 10. O-O {[%clk 1:28:41]} Nd7
{[%clk 1:30:40]} 11. Rb1 {[%clk 1:20:43]} Qa5 {[%clk 1:24:54]} 12. Bd2
{[%clk 1:19:08]} Qc5 {[%clk 1:24:22]} 13. Rfd1 {[%clk 1:04:42]} Rb8
{[%clk 1:11:42]} 14. Nd5 {[%clk 1:01:41]} e6 {[%clk 0:52:48]} 15. b4
{[%clk 1:01:59]} Qxe3 {[%clk 0:52:43]} 16. Nxe3 {[%clk 1:02:27]} Nde5
{[%clk 0:50:19]} 17. Nxe5 {[%clk 0:55:25]} dxe5 {[%clk 0:49:04]} 18. Nc2
{[%clk 0:41:37]} Nd4 {[%clk 0:47:41]} 19. Nxd4 {[%clk 0:40:51]} exd4
{[%clk 0:48:06]} 20. a4 {[%clk 0:37:37]} e5 {[%clk 0:45:36]} 21. a5
{[%clk 0:32:02]} Rd8 {[%clk 0:34:25]} 22. Bd3 {[%clk 0:31:41]} Ra8
{[%clk 0:32:41]} 23. f4 {[%clk 0:29:04]} Bd7 {[%clk 0:31:32]} 24. g4
{[%clk 0:27:13]} exf4 {[%clk 0:30:07]} 25. Bxf4 {[%clk 0:27:40]} Re8
{[%clk 0:29:35]} 26. Kf2 {[%clk 0:22:37]} Rac8 {[%clk 0:27:31]} 27. Re1
{[%clk 0:18:51]} Re6 {[%clk 0:25:18]} 28. Re2 {[%clk 0:16:21]} Rec6
{[%clk 0:24:27]} 29. c5 {[%clk 0:14:04]} h5 {[%clk 0:22:58]} 30. Kg3
{[%clk 0:10:31]} hxg4 {[%clk 0:23:15]} 31. hxg4 {[%clk 0:10:59]} g5
{[%clk 0:23:24]} 32. Bxg5 {[%clk 0:05:21]} Rg6 {[%clk 0:23:49]} 33. Bf4
{[%clk 0:05:29]} Bxg4 {[%clk 0:24:05]} 34. Rd2 {[%clk 0:05:57]} Re8
{[%clk 0:16:06]} 35. e5 {[%clk 0:03:35]} Bf5+ {[%clk 0:16:30]} 36. Kf3
{[%clk 0:04:01]} Bxd3 {[%clk 0:12:39]} 37. Rxd3 {[%clk 0:04:30]} f6
{[%clk 0:10:44]} 38. exf6 {[%clk 0:03:46]} Bxf6 {[%clk 0:10:31]} 39. Rh1
{[%clk 0:02:40]} Rf8 {[%clk 0:09:58]} 40. Ke4 {[%clk 0:31:50]} Bg7
{[%clk 0:40:14]} 41. Bd6 {[%clk 0:30:54]} Rf2 {[%clk 0:33:39]} 42. Rhh3
{[%clk 0:21:52]} Rb2 {[%clk 0:24:05]} 43. Rb3 {[%clk 0:18:05]} Re2+
{[%clk 0:24:29]} 44. Kd3 {[%clk 0:16:28]} Rgg2 {[%clk 0:21:29]} 45. Rg3 1/2-1/2